00756 a2200181 450000100060000008200150000609000170002110000150003824500490005326000270010250000170012994200250014699900190017195200960019095200960028695200960038295200960047874165 a910.02 KAP c39042d39042 aKapoor A.N aPrinciples of Physical GeographycA.N Kapoor aNew DelhibS, Chand&Co aCFT Textbook aNUST-CAEk910.02 KAP c309238d309238 001040708NFICaCAEbCAEd2017-04-03l0o910.02 KAPpCAE50581r2017-04-05w2017-04-05yBK 001040708NFICaCAEbCAEd2017-04-03l0o910.02 KAPpCAE50594r2017-04-05w2017-04-05yBK 001040708NFICaCAEbCAEd2017-04-03l0o910.02 KAPpCAE50589r2017-04-05w2017-04-05yBK 001040708NFICaCAEbCAEd2017-04-03l0o910.02 KAPpCAE50588r2017-04-05w2017-04-05yBK